000 00544nam a2200193Ia 4500
005 20260114185834.0
008 008 260114s9999 xx 000 0 eng d
020 _a9781350219298
037 _aEBOOK
040 _aCRL
_beng
_cCRL
041 _aeng
_2eng
084 _qCRL
100 _aEleanor O' Gorman
_9875029
245 0 _aConflict and Development
260 _bBloomsbury
_c2011
856 _uhttps://doi.org/10.5040/9781350219298?locatt=label:secondary_bloomsburyCollections
942 _cEBOOK
999 _c1473963
_d1473963